000 00505nam a2200181Ia 4500
005 20250508162654.0
008 008 250505s9999 xx 000 0 eng d
037 _aTextual
040 _aFEDL
_beng
_cFEDL
041 _aeng
_2eng
084 _a428, MAR
_qFEDL
100 _aMarkstein Linda
_9621075
245 0 _aDevloping reading skills : Beginning
260 _aCambridge
_bNewbury House Publishers
_c1987
300 _a162p.
942 _cTEXL
_h428, MAR
999 _c1377970
_d1377970